| 000 | 00533nam a2200169Ia 4500 | ||
|---|---|---|---|
| 008 | 140224s9999 xx 000 0 und d | ||
| 020 | _a9780753405192 | ||
| 050 |
_aP 91.2 _b.M39 2006 |
||
| 100 | _aMead, Richard | ||
| 245 | 4 |
_aThe telephone rings : _band other questions about communication / _cRichard Mead. |
|
| 260 |
_aLondon : _bKingfisher Publications Plc, _cc2006. |
||
| 300 |
_a36 p : _bcol. ill. ; _c29 cm. |
||
| 440 | _aI wonder why. | ||
| 650 |
_aCommunication _xJuvenile literature. |
||
| 942 | _cBK | ||
| 999 |
_c42376 _d42376 |
||